| 000 | 00389 a2200157 4500 | ||
|---|---|---|---|
| 001 | 74325 | ||
| 020 | _a9788576755524 | ||
| 040 | _cAnchieta - Colégio São Paulo | ||
| 100 | _aJúlio, Silvana Rossi | ||
| 240 | 1 | 0 |
_aAprender Juntos: Matemática, 1º ano _lpor |
| 245 | 1 | 0 | _aAprender Juntos: Matemática, 1º ano |
| 300 | _a180 | ||
| 362 | 0 | _a2010 | |
| 650 | 4 | _aMatemática | |
| 942 | _cBK | ||
| 999 |
_c74325 _d74325 |
||